| 000 | 00398nam a2200145Ia 4500 | ||
|---|---|---|---|
| 008 | 210210b1988 xxu||||| |||| 00| 0 eng d | ||
| 082 | _a954.01 TRIS | ||
| 100 | _aTRIVEDI (S D). | ||
| 245 | _aSecret services in ancient India techniques and operation. Rev Ed 2. | ||
| 250 | _a | ||
| 260 |
_aAhmedabad. _bAllied Publishers _c1988 |
||
| 300 | _axxv,291 | ||
| 690 | _aIndian History | ||
| 906 | _a043869 | ||
| 999 |
_c93124 _d93124 |
||